00996nam a2200253 4500003000900000005001700009006001900026008004100045020002100086040002300107041000800130082002100138110000800159245009200167250002200259264002000281300006400301501004900365505026200414650001200676650001900688650001900707650001600726EC-UNACH20240327101534.0s||||gr|||| 00| 00150116t9999 mx r gr 000 0 spa d a978-92-5-3054084 aEC-UNACHcEC-UNACH aspa04223a372bL016085 aFAO aCrear y manejar un huerto escolarbUn manual para profesores, padres y comunidadescFAO aPrimera edición aRomabFAOc2006 a198 paginasbIlustraciones, Fotografíasc29 centímetros aIncluye: Prefacio, Índice, Bibliiografía aEn que consiste crear un huerto escolar.-- Quien nos ayudara.-- Cuales son los objetivos del huerto.-- Que necesita el huerto.-- Que cultivaremos para comer.-- Como se cultivan las plantas.-- Como se cultivan las plantas.-- Cual es el plan.-- Como continuar aHuertas aAlimentación aDesnutrición aNutrición